Poemaquinas : (Registro nro. 2934)
[ vista simple ]
| 000 -CABECERA | |
|---|---|
| Longitud fija campo de control | 00628nam a2200217 a 4500 |
| 003 - • IDENTIFICADOR DELl NÚMERO DE CONTROL | |
| Identificador del número de control | CO-ViMGA |
| 008 - • CÓDIGOS DE INFORMACIÓN DE LONGITUD FIJA | |
| Códigos de información de longitud fija | 141112s2004 ck r 000 u spa d |
| 020 ## - • NÚMERO INTERNACIONAL NORMALIZADO PARA LIBROS | |
| Número Internacional Normalizado para Libros (ISBN) | 9583003522 |
| 040 ## - FUENTE DE LA CATALOGACIÓN | |
| Centro catalogador de origen | CO-ViMGA |
| Lengua de catalogación | spa |
| Centro transcriptor | CO-ViMGA |
| 082 04 - • NÚMERO DE LA CLASIFICACIÓN DECIMAL DEWEY | |
| Número de clasificación (R) | 808.81 P635 |
| 100 1# - • PUNTO DE ACCESO PRINCIPAL-NOMBRE DE PERSONA | |
| Nombre de persona | Jaramillo Agudelo, Darío |
| 245 10 - • TITULO PROPIAMENTE DICHO | |
| Título | Poemaquinas : |
| Resto del título | Antología de iniciación a la poesía |
| 300 ## - • DESCRIPCIÓN FÍSICA | |
| Extensión | 112.p. |
| 490 ## - • MENCIÓN DE SERIE | |
| Mención de serie | Literatura juvenil |
| 590 ## - NOTAS LOCALES | |
| Nota local | Forma de adquisición : Premio - Mincultura |
| 650 14 - • PUNTO DE ACCESO ADICIONAL DE MATERIA - TÉRMINO DE MATERIA | |
| Término de materia o nombre geográfico como elemento inicial | LIBROS Y LECTURA |
| 650 14 - • PUNTO DE ACCESO ADICIONAL DE MATERIA - TÉRMINO DE MATERIA | |
| Término de materia o nombre geográfico como elemento inicial | POESIA - COLECCIONES |
| 942 ## - ENTRADA DE ELEMENTOS AGREGADOS (KOHA) | |
| Fuente de clasificaión o esquema | Dewey Decimal Classification |
| Koha [por defecto] tipo de item | LIbro |
| Perdido | Fuente de clasificación o esquema | Estado Físico | No para préstamo | Forma de adquisición | Localización permanente | Localización actual | Localización en estanterías | Fecha adquisición | Préstamos totales | Signatura completa | Código de barras | Fecha última consulta | Número de copia | Fecha del precio de reemplazo | Tipo de item de Koha | Serie de enumeración / cronolog&íacute;a | Renovaciones totales | Fecha último préstamo |
|---|---|---|---|---|---|---|---|---|---|---|---|---|---|---|---|---|---|---|
| Dewey Decimal Classification | Colección General | Biblioteca Pública Cubarral | Biblioteca Pública Cubarral | Literatura | 08/02/2023 | P POE5 | CUB01942 | 08/02/2023 | Ej.1 | 08/02/2023 | Libro Literatura | |||||||
| Dewey Decimal Classification | Colección General | Biblioteca Pública Puerto Lleras | Biblioteca Pública Puerto Lleras | Literatura | 01/09/2025 | 808.81 P635 | PLL00542 | 01/09/2025 | Ej.1 | 01/09/2025 | Libro Literatura | |||||||
| Dewey Decimal Classification | Colección General | Biblioteca Pública San Carlos de Guaroa - Eduardo Carranza | Biblioteca Pública San Carlos de Guaroa - Eduardo Carranza | Literatura | 01/24/2024 | P POE5 | SG01332 | 01/24/2024 | Ej.1 | 01/24/2024 | LIbro | |||||||
| Dewey Decimal Classification | Sala General Segundo Piso | Biblioteca Pública Germán Arciniegas - Villavicencio | Biblioteca Pública Germán Arciniegas - Villavicencio | 12/04/2015 | 808.81 P635 | 16398 | 12/04/2015 | Ej. 1 | 12/04/2015 | LIbro | Volumen. 1 | 11/jun/2009 | |||||||
| Dewey Decimal Classification | Colección General | Biblioteca Pública Medellin del Ariari - El Castillo | Biblioteca Pública Medellin del Ariari - El Castillo | Literatura | 11/08/2024 | POE5 Ej.1 | BM00000178 | 11/08/2024 | Ej.1 | 11/08/2024 | LIbro | |||||||
| Dewey Decimal Classification | Infantil | Biblioteca Pública San Juanito - Ernesto Maria Peña Romero | Biblioteca Pública San Juanito - Ernesto Maria Peña Romero | Sala Infantil | 09/20/2024 | 1 | P POE5 | SJU01378 | 11/18/2025 | Ej.1 | 09/20/2024 | LIbro | 3 | 02/20/2025 |